Dunder Mifflin Employees Quiz Stats

 Plays Quiz Updated Oct 14, 2019

Score 0/20 Timer 03:00
3 Plays Today
Title Name % Correct
Assistant (to the) Regional ManagerDwight Schrute
98.5%
Regional ManagerMichael Scott
98.4%
Office AdministratorPam Beesly (Halpert)
97.9%
Sales RepJim Halpert
97.6%
Accountant SupervisorAngela Martin
87.4%
Temp/Salesman/former V.P., Regional SalesRyan Howard
85.8%
AccountantOscar Martinez
84.1%
AccountantKevin Malone
83.6%
Human ResourcesToby Flenderson
83%
Sales RepStanley Hudson
79.3%
Title Name % Correct
Customer ServiceKelly Kapoor
76.2%
Regional Director of SalesAndy Bernard
74.5%
Q.A. Officer/BloggerCreed Bratton
72.5%
Sales RepPhyllis Lapin
72.1%
Supplier RelationsMeredith Palmer
59.7%
Warehouse SupervisorDarryl Philbin
59.3%
ReceptionistErin Hannon
51%
Director of Emerging Regions CoordinationGabe Lewis
12.4%
Traveling Sales ManagerTodd Packer
11.9%
Sabre CEOJo Bennett
0.4%

You're not logged in!

Compare scores with friends on all Sporcle quizzes.
OR
Log In

Sporcle TV

Today on Sporcle TV


Watch our educational content, quiz creation guides, and fun videos on Sporcle TV.

Show Comments

Extras

Top Quizzes Today


Score Distribution

Your Account Isn't Verified!

In order to create a playlist on Sporcle, you need to verify the email address you used during registration. Go to your Sporcle Settings to finish the process.

Report this User

Report this user for behavior that violates our Community Guidelines.

Details: